[Event "Titled Tue 1st Jul Early"]
[Site "chess.com INT"]
[Date "2025.07.01"]
[Round "2"]
[White "Dyachuk, Artem"]
[Black "Jammalamadaka, Vihaan"]
[Result "1-0"]
[WhiteTitle "FM"]
[BlackTitle "CM"]
[WhiteElo "2305"]
[BlackElo "1977"]
[WhiteFideId "34107924"]
[BlackFideId "30977134"]
[EventDate "2025.07.01"]

1. Nf3 Nf6 2. g3 g6 3. Bg2 Bg7 4. O-O O-O 5. d4 d5 6. c4 dxc4 7. Na3 c3 8. bxc3
c5 9. Rb1 Ne4 10. Qc2 Bf5 11. g4 Nxc3 12. gxf5 Nxb1 13. Qxb1 cxd4 14. Qxb7 Nd7
15. fxg6 hxg6 16. Bf4 e5 17. Bg5 f6 18. Bd2 Nc5 19. Qb5 Rc8 20. Bb4 Qb6 21. Qxb6
axb6 22. Nc4 Rfd8 23. Nxb6 Rc6 24. Nxe5 Rxb6 25. Bxc5 Rb2 26. Nc6 Re8 27. Nxd4
Kh7 28. a3 f5 29. e3 Rc8 30. Bb4 f4 31. Ne6 fxe3 32. fxe3 Be5 33. Ng5+ Kg7 34.
Bf8+ Kh8 35. Nf7+ Kg8 36. Nxe5 Rxf8 37. Rxf8+ Kxf8 38. Nxg6+ Kg7 39. Ne5 Ra2 40.
Nc4 Rc2 41. Bf1 Ra2 42. Bg2 Rc2 43. Bd5 Ra2 44. e4 Kf6 45. e5+ Ke7 46. h4 Ra1+
47. Kf2 Rd1 48. Ne3 Rd3 49. Nf5+ Kd8 50. Bc6 Kc7 51. Be4 Rxa3 52. e6 Rc3 53. h5
Rc4 54. Ke3 Rc3+ 55. Kf4 Rh3 56. h6 Rxh6 57. Nxh6 Kd6 58. Kf5 Ke7 59. Ke5 Ke8
60. Kd6 Kd8 61. e7+ 1-0

[Event "Titled Tue 1st Jul Early"]
[Site "chess.com INT"]
[Date "2025.07.01"]
[Round "2"]
[White "Ilkhomi, Jaloliddin"]
[Black "King, Alexander"]
[Result "1-0"]
[WhiteTitle "FM"]
[BlackTitle "FM"]
[WhiteElo "2315"]
[BlackElo "2263"]
[WhiteFideId "14700948"]
[BlackFideId "2063620"]
[EventDate "2025.07.01"]

1. e4 e6 2. d4 d5 3. e5 c5 4. c3 Nc6 5. Nf3 Nge7 6. Na3 cxd4 7. cxd4 Nf5 8. Nc2
Be7 9. Bd3 f6 10. O-O O-O 11. a3 fxe5 12. dxe5 Bd7 13. b4 Rc8 14. Bb2 Qe8 15.
Rc1 Qh5 16. Nfd4 Qxd1 17. Rfxd1 Nfxd4 18. Nxd4 Nxe5 19. Bf1 Nc4 20. Bxc4 dxc4
21. Nf5 exf5 22. Rxd7 Bf6 23. Bxf6 Rxf6 24. Rxb7 c3 25. Rxa7 Rd6 26. Re7 Rd2 27.
Kf1 Ra2 28. Re3 Rxa3 29. b5 Rb3 30. b6 Rxb6 31. Rexc3 Rxc3 32. Rxc3 Kf7 33. h4
Rb7 34. g3 g6 35. Kg2 Rd7 36. Rc6 Re7 37. Kf3 Re6 38. Rc7+ Re7 39. Rc6 Re6 40.
Rc8 Re7 41. Kf4 Re4+ 42. Kf3 Re7 43. Ra8 Rd7 44. Ke3 Re7+ 45. Kf4 Re4+ 46. Kg5
Re7 47. Kh6 Re2 48. Kxh7 Rxf2 49. Ra7+ Kf6 50. Ra6+ Kf7 51. Rxg6 Rg2 52. h5 f4
53. gxf4 Rf2 54. Rg4 Rf1 55. h6 Rf2 56. Kh8 Rf1 57. h7 Rf2 58. Rg7+ Kf8 59. Rg4
Kf7 60. f5 Rxf5 61. Ra4 Rf1 62. Ra7+ Ke8 63. Kg8 Rf8+ 64. Kg7 Rf1 65. h8=Q+ 1-0

[Event "Titled Tue 1st Jul Early"]
[Site "chess.com INT"]
[Date "2025.07.01"]
[Round "2"]
[White "Lisenkov, Svyatoslav"]
[Black "Li, Hui"]
[Result "0-1"]
[WhiteTitle "CM"]
[BlackTitle "CM"]
[WhiteElo "2283"]
[BlackElo "2065"]
[WhiteFideId "34264183"]
[BlackFideId "15400310"]
[EventDate "2025.07.01"]

1. e4 e5 2. Nf3 Nf6 3. d3 Nc6 4. g3 d5 5. exd5 Nxd5 6. Bg2 Bc5 7. O-O O-O 8. Re1
Re8 9. Nbd2 Bf5 10. Nc4 f6 11. c3 Qd7 12. Qb3 Kh8 13. Rd1 Nb6 14. Be3 Bxe3 15.
Nxe3 Be6 16. Qc2 Rad8 17. d4 exd4 18. Nxd4 Nxd4 19. Rxd4 Qc8 20. Rad1 c6 21. Be4
Bg8 22. Nf5 Rxd4 23. Rxd4 Qc7 24. Nd6 Rd8 25. Bxh7 Rxd6 26. Rh4 g5 27. Qg6 Qg7
28. Bxg8+ gxh4 29. Qh5+ Kxg8 30. Qe8+ Kh7 31. Qh5+ Kg8 32. Qe8+ Qf8 33. Qg6+ Kh8
34. Qh5+ Kg7 35. Qg4+ Kf7 36. Qh5+ Ke7 37. Qh7+ Qf7 38. Qe4+ Kd8 39. Qxh4 Qe7
40. Qh8+ Kc7 41. Qh5 Nd5 42. Qf3 Qe5 43. h4 Re6 44. h5 f5 45. Kh2 f4 46. g4 Nf6
47. g5 Qxg5 48. Qd3 Qxh5+ 49. Kg2 Qg5+ 50. Kf1 Qd5 51. Qg6 Qh1+ 52. Qg1 Re1+ 53.
Kxe1 Qxg1+ 54. Kd2 Qxf2+ 55. Kd3 Qe3+ 56. Kc4 f3 57. Kb3 f2 58. a3 f1=Q 59. a4
Qfd3 60. a5 Qd5+ 61. Ka3 Qxa5+ 62. Kb3 Qb5+ 63. Kc2 Qee2+ 64. Kc1 Qbxb2# 0-1

[Event "Titled Tue 1st Jul Early"]
[Site "chess.com INT"]
[Date "2025.07.01"]
[Round "2"]
[White "Dann, Matthias"]
[Black "Berg, Vadim Daskevich"]
[Result "1-0"]
[WhiteTitle "IM"]
[BlackTitle "IM"]
[WhiteElo "2434"]
[BlackElo "2445"]
[WhiteFideId "24638056"]
[BlackFideId "11601965"]
[EventDate "2025.07.01"]

1. e4 c5 2. Nf3 d6 3. d4 cxd4 4. Nxd4 Nf6 5. Nc3 a6 6. Be3 e5 7. Nf3 Qc7 8. a4
Be7 9. Be2 O-O 10. O-O Be6 11. a5 Nbd7 12. Nd5 Bxd5 13. exd5 b5 14. axb6 Nxb6
15. c4 a5 16. Nd2 Nbd7 17. Qc2 Rfb8 18. Rfc1 Nc5 19. b3 Nfd7 20. Ra3 g6 21. Ne4
Nxe4 22. Qxe4 Nc5 23. Qc2 Bd8 24. Rca1 Rb7 25. Bd2 Rba7 26. h3 Ra6 27. R1a2 Qb7
28. Bc3 R8a7 29. Bd1 Ra8 30. Qe2 Qd7 31. Bc2 Qe7 32. Qe1 Qc7 33. Qe3 Qd7 34. f4
Bb6 35. Kh1 f6 36. fxe5 fxe5 37. b4 axb4 38. Rxa6 Nxa6 39. Qxb6 bxc3 40. Rxa6
Rxa6 41. Qxa6 Qf7 42. Qc8+ Kg7 43. Qg4 Qf1+ 44. Kh2 Qf2 45. Qe4 Qd2 46. Qd3 Qf4+
47. Qg3 Qd2 48. Qd3 Qf4+ 49. Kg1 Qc1+ 50. Kf2 Qf4+ 51. Ke2 Qg5 52. g4 Qf4 53.
Qxc3 h5 54. gxh5 gxh5 55. c5 dxc5 56. Qf3 Qc4+ 57. Kd1 Qd4+ 58. Qd3 Kf6 59. Ke2
Qxd3+ 60. Bxd3 Ke7 61. Be4 Kd6 62. Kd3 h4 63. Kc4 Ke7 64. Kxc5 Kd7 65. d6 Ke6
66. Kc6 Kf7 67. d7 Ke6 68. Kc7 Kf7 69. d8=Q Ke6 70. Qxh4 Kf7 71. Qg5 Ke6 72.
Qf5+ Ke7 73. Qxe5+ Kf7 74. Kd7 Kg8 75. Bg2 Kf7 76. Qe6+ Kg7 77. Qf5 Kh6 78. Ke7
Kg7 79. Qg5+ Kh7 80. Kf7 Kh8 81. Qg7# 1-0

[Event "Titled Tue 1st Jul Early"]
[Site "chess.com INT"]
[Date "2025.07.01"]
[Round "2"]
[White "Barrientos, Ernesto"]
[Black "Tsyhanchuk, Stanislav"]
[Result "0-1"]
[WhiteTitle "CM"]
[BlackTitle "IM"]
[WhiteElo "2027"]
[BlackElo "2273"]
[WhiteFideId "3701247"]
[BlackFideId "13505130"]
[EventDate "2025.07.01"]

1. e4 c5 2. Nf3 e6 3. d4 cxd4 4. Nxd4 Nf6 5. Bd3 e5 6. Nf3 Nc6 7. O-O Be7 8. c4
O-O 9. Nc3 d6 10. h3 Be6 11. Nd5 Rc8 12. Be3 Nd7 13. b4 Bxd5 14. exd5 Nxb4 15.
Bb1 Nc5 16. a3 Nba6 17. Qc2 f5 18. Nd2 e4 19. f3 Bf6 20. Ra2 f4 21. Bxc5 Nxc5
22. Nxe4 Nxe4 23. Qxe4 g6 24. Qxf4 Be5 25. Qg4 Qf6 26. f4 Bd4+ 27. Kh1 Rxc4 28.
Re2 Be5 29. Ref2 Bd4 30. Re2 Rc7 31. Re6 Qg7 32. Rxd6 Be5 33. Qe6+ Kh8 34. Qxe5
Qxe5 35. fxe5 Rxf1+ 36. Kh2 Rxb1 37. Rd8+ Kg7 38. d6 Rc2 39. e6 Re1 40. e7 Rd2
41. e8=Q Rxe8 42. Rxe8 Rxd6 43. Re7+ Kh6 44. Rxb7 Ra6 45. Rb3 Ra4 46. g4 Kg5 47.
Kg3 h5 48. h4+ Kf6 49. g5+ Kf5 50. Rf3+ Ke5 51. Re3+ Kd5 52. Rf3 a5 53. Rd3+ Rd4
54. Rf3 Kc4 55. Rf6 Rd3+ 56. Kg2 Rxa3 57. Rxg6 Ra2+ 58. Kg3 a4 59. Rc6+ Kb5 60.
Rc8 a3 61. g6 Ra1 0-1

[Event "Titled Tue 1st Jul Early"]
[Site "chess.com INT"]
[Date "2025.07.01"]
[Round "2"]
[White "Soza de la Carrera, Jose"]
[Black "Habans Aguerrea, Javier"]
[Result "0-1"]
[WhiteTitle "CM"]
[BlackTitle "IM"]
[WhiteElo "2221"]
[BlackElo "2448"]
[WhiteFideId "3401278"]
[BlackFideId "24524689"]
[EventDate "2025.07.01"]

1. d4 c6 2. c4 d5 3. Nf3 Nf6 4. Nbd2 g6 5. e3 Bg7 6. Be2 O-O 7. Ne5 Nbd7 8. Nxd7
Bxd7 9. b3 Bf5 10. O-O Re8 11. Bb2 a5 12. a3 Qb6 13. Re1 h5 14. f3 Rad8 15. Kh1
h4 16. Bf1 dxc4 17. Nxc4 Qc7 18. Qe2 Be6 19. Rac1 Nh5 20. Qf2 Bf6 21. Bc3 Ra8
22. Qd2 a4 23. b4 Kg7 24. Nb2 Rh8 25. f4 Qd7 26. e4 Kg8 27. Bc4 Rd8 28. Rcd1 b5
29. Bxe6 Qxe6 30. Nd3 Qg4 31. Nf2 Qxf4 32. Qxf4 Nxf4 33. Ng4 Bg7 34. Kg1 Ne6 35.
e5 Kh7 36. Rf1 Rhf8 37. Ba1 Kg8 38. Kf2 Rd5 39. Ke3 Rfd8 40. Ke4 c5 41. Ne3
Rxd4+ 42. Bxd4 cxd4 43. Nc2 f5+ 44. exf6 Bxf6 45. Rd3 Rc8 46. Ne1 Kg7 47. Nf3
Rc2 48. Rd2 Rc3 49. Rd3 Rc4 50. g4 hxg3 51. hxg3 Rc8 52. Rh1 Rd8 53. g4 Rc8 54.
Rh2 Rc1 55. Re2 Rf1 56. Kd5 Nf4+ 57. Kc6 Nxe2 58. Nxd4 Nxd4+ 59. Kc5 Rc1+ 60.
Kd5 Kf7 61. Ke4 Re1+ 62. Kd5 Re6 63. g5 Rd6+ 64. Ke4 Bxg5 65. Rd1 Bf6 66. Rf1
Nc2 67. Rf2 Nxa3 68. Rc2 Rd4+ 69. Ke3 Nxc2+ 0-1

[Event "Titled Tue 1st Jul Early"]
[Site "chess.com INT"]
[Date "2025.07.01"]
[Round "2"]
[White "Jahnz, Laurin"]
[Black "Sayce, Hannah"]
[Result "1-0"]
[WhiteTitle "CM"]
[BlackTitle "WCM"]
[WhiteElo "2216"]
[BlackElo "1877"]
[WhiteFideId "16261089"]
[BlackFideId "3250695"]
[EventDate "2025.07.01"]

1. Nf3 d5 2. g3 Nf6 3. Bg2 e6 4. O-O Be7 5. d3 O-O 6. Nbd2 Nbd7 7. Re1 e5 8. e4
c6 9. c3 Qc7 10. Qc2 b6 11. a4 Bb7 12. h3 Rfe8 13. Nh4 Bf8 14. Nf1 g6 15. Ne3
dxe4 16. dxe4 Rad8 17. Ng4 Nxg4 18. hxg4 Nf6 19. g5 Nd7 20. Be3 Nc5 21. b4 Ne6
22. a5 c5 23. a6 Ba8 24. b5 c4 25. Rad1 Nc5 26. Bxc5 Bxc5 27. Nf3 Qe7 28. Qe2
Qe6 29. Kh2 f5 30. gxf6 Qxf6 31. Qxc4+ Kg7 32. Qe2 Rf8 33. Rxd8 Rxd8 34. Kg1 Qd6
35. Qc4 Rd7 36. Bh3 Rf7 37. Kg2 h6 38. Be6 Rf6 39. Bd5 Qf8 40. Qd3 Bxd5 41. exd5
g5 42. Qe4 Bd6 43. Rh1 Qf7 44. c4 Bc5 45. Qg4 Qe7 46. Qe4 Bd6 47. Rd1 Bc5 48.
Re1 Bd6 49. Re2 Qf7 50. Nh2 Qe7 51. Ng4 Rf7 52. Nxe5 Bxe5 53. Qxe5+ Qf6 54.
Qxf6+ Rxf6 55. Re7+ Rf7 56. Rxf7+ Kxf7 57. Kf3 Ke7 58. Kg4 Kd6 59. Kh5 Kc5 60.
Kxh6 Kxc4 61. d6 g4 62. d7 Kxb5 63. d8=Q Kxa6 64. Qg5 b5 65. Qxg4 Ka5 66. Qd7 a6
67. g4 b4 68. g5 b3 69. Qd1 b2 70. Qb1 Kb4 71. Qxb2+ Ka4 72. Qa2+ Kb5 73. Qxa6+
Kxa6 74. g6 Kb6 75. g7 Kc6 76. g8=Q Kd6 77. Qe8 Kd5 78. Qe1 Kd4 79. f4 Kd3 80.
f5 Kd4 81. f6 Kd5 82. f7 Kd6 83. f8=Q+ Kd7 84. Qff2 Kc7 85. Qfd2 Kb7 86. Qb1+
Ka6 87. Qda2# 1-0

[Event "Titled Tue 1st Jul Early"]
[Site "chess.com INT"]
[Date "2025.07.01"]
[Round "2"]
[White "Kislinsky, Alexey"]
[Black "Akshit, Kumar J"]
[Result "1-0"]
[WhiteTitle "GM"]
[BlackTitle "CM"]
[WhiteElo "2341"]
[BlackElo "2074"]
[WhiteFideId "14108801"]
[BlackFideId "25097431"]
[EventDate "2025.07.01"]

1. d4 d5 2. c4 c6 3. e3 Nf6 4. Bd3 e6 5. Nd2 Nbd7 6. Ngf3 Be7 7. O-O O-O 8. Qe2
b6 9. e4 dxe4 10. Nxe4 Bb7 11. Rd1 Qc7 12. Bg5 h6 13. Bh4 c5 14. Bg3 Qc6 15.
Nxf6+ Bxf6 16. d5 exd5 17. cxd5 Qc8 18. Bf5 Ba6 19. Qc2 Qb7 20. d6 Rad8 21. a4
c4 22. Nd4 Nc5 23. Nb5 Nb3 24. Ra3 Bxb5 25. axb5 Nd4 26. Qb1 Nxb5 27. Re3 Nd4
28. Bh7+ Kh8 29. Be4 Qd7 30. h3 Rfe8 31. Kh2 Qb5 32. Ra3 a5 33. Re3 Be5 34. f4
Bf6 35. f5 Be5 36. Kh1 Bxg3 37. Rxg3 Qe5 38. Rg4 Rxd6 39. Qc1 Qf6 40. Qxc4 Red8
41. Rf1 b5 42. Qc5 a4 43. Rg3 Ne2 44. Re3 Nd4 45. Rd3 Qe7 46. f6 Qxe4 47. fxg7+
Kxg7 48. Rg3+ Kf8 49. Qh5 Qe6 50. Rg4 Rd5 51. Qh4 Rf5 52. Qxd8+ Qe8 53. Rg8+
Kxg8 54. Qxe8+ Kg7 55. Rxf5 Nxf5 56. Qxb5 Kg6 57. Qa5 Ng3+ 58. Kh2 Nf1+ 59. Kg1
Ne3 60. Qa6+ f6 61. Qxa4 1-0

[Event "Titled Tue 1st Jul Early"]
[Site "chess.com INT"]
[Date "2025.07.01"]
[Round "2"]
[White "Jaiswal, Rupesh"]
[Black "De Lomas Busquets, Alba"]
[Result "1-0"]
[WhiteTitle "FM"]
[BlackTitle "WCM"]
[WhiteElo "2064"]
[BlackElo "1997"]
[WhiteFideId "12300870"]
[BlackFideId "24585289"]
[EventDate "2025.07.01"]

1. e4 c5 2. Nf3 d6 3. Bb5+ Nd7 4. a4 Nf6 5. Nc3 g6 6. O-O Bg7 7. a5 O-O 8. a6
bxa6 9. Bxa6 Bxa6 10. Rxa6 Qc8 11. Ra3 Qc6 12. Qe2 Nh5 13. d3 a5 14. Bd2 Ra7 15.
Rfa1 Rfa8 16. g3 Nhf6 17. R1a2 Ne8 18. b3 Nc7 19. Nh4 e6 20. Ng2 Nb5 21. Nxb5
Qxb5 22. Qe1 a4 23. Bc3 Ne5 24. Bxe5 Bxe5 25. Ne3 Bd4 26. Nc4 Qc6 27. bxa4 Rxa4
28. Rxa4 Rxa4 29. Rxa4 Qxa4 30. c3 Bg7 31. Nxd6 Qb3 32. e5 Qd5 33. Qe4 Bxe5 34.
Qxd5 exd5 35. Nb7 Bxc3 36. Nxc5 Kf8 37. Kf1 Ke7 38. Ke2 Kd6 39. Nb3 d4 40. Nc1
Kd5 41. Kf3 Ke5 42. Ne2 g5 43. Kg4 f6 44. f4+ gxf4 45. gxf4+ Ke6 46. Kf3 Kf5 47.
Ng3+ Ke6 48. Ke4 Be1 49. f5+ Kd6 50. Ne2 Bf2 51. Nxd4 Bg1 52. h3 Bh2 53. Ne2 Kd7
54. Kd5 Bc7 55. d4 Ba5 56. Nf4 Bb4 57. Nh5 Ke7 58. Kc6 Ba3 59. d5 Bb4 60. Ng3
Ba3 61. Ne4 Bb4 62. d6+ Kf7 63. Kc7 Ba5+ 64. Kc8 Kf8 65. d7 Ke7 66. Nc5 Bb6 67.
Ne6 Ba5 68. d8=Q+ Bxd8 69. Nxd8 Kd6 70. Nf7+ Kd5 71. Kd7 Ke4 72. Ke6 Kf4 73.
Kxf6 Kg3 74. Kg7 1-0

[Event "Titled Tue 1st Jul Early"]
[Site "chess.com INT"]
[Date "2025.07.01"]
[Round "2"]
[White "Fernandes, Rogerio Paulo Muller"]
[Black "Khoo-Thwe, Louis"]
[Result "1/2-1/2"]
[BlackTitle "CM"]
[WhiteElo "2241"]
[BlackElo "2232"]
[WhiteFideId "2101599"]
[BlackFideId "1538756"]
[EventDate "2025.07.01"]

1. c4 e5 2. g3 c6 3. Bg2 d5 4. Nf3 Bd6 5. O-O Nf6 6. d3 O-O 7. Bg5 h6 8. Bxf6
Qxf6 9. cxd5 cxd5 10. Nc3 d4 11. Ne4 Qe7 12. Rc1 Nc6 13. Nxd6 Qxd6 14. a3 Bd7
15. Nd2 Rac8 16. Ne4 Qe7 17. Nc5 b6 18. Nxd7 Qxd7 19. Qa4 Nb8 20. Qxd7 Nxd7 21.
Rxc8 Rxc8 22. Bh3 Rc7 23. Bxd7 Rxd7 24. Rc1 Kf8 25. Kg2 Ke7 26. Kf3 f6 27. Ke4
g6 28. g4 Ke6 29. Rc6+ Rd6 30. Rc7 f5+ 31. Kf3 a5 32. a4 Kd5 33. gxf5 gxf5 34.
Rf7 Ke6 35. Rh7 Kd5 36. Rf7 Ke6 37. Rf8 Rc6 38. Rh8 Kd5 39. Rf8 Rc2 40. Rxf5
Rxb2 41. Rf6 h5 42. h4 Ra2 43. Rxb6 Rxa4 44. Rb5+ Kd6 45. Ke4 Ra2 46. e3 Rxf2
47. exd4 Rf4+ 48. Ke3 Rxd4 49. Rxa5 Rxh4 50. Ra6+ Kd5 51. Ra5+ Ke6 52. Ra6+ Kf5
53. Rh6 Rh3+ 54. Kd2 h4 55. Rh8 Rh2+ 56. Kc3 Rh1 57. Kc4 h3 58. Kd5 h2 59. Rh4
Kg5 60. Rh8 Kg4 61. Rh7 Kg3 62. Rg7+ Kf2 63. Rh7 Kf3 64. Rh8 Ke3 65. Kxe5 Kxd3
66. Kd5 Ke2 67. Ke4 Kd2 68. Kf3 Rf1+ 69. Kg2 Rg1+ 70. Kxh2 Rg7 71. Re8 Kd3 72.
Re6 Kd4 73. Re8 Kd3 74. Re6 Kc4 75. Re8 Kd5 76. Re1 Rh7+ 77. Kg3 Rg7+ 78. Kf2
Rf7+ 79. Ke2 Kc4 80. Kd2 Rd7+ 81. Kc2 Rf7 82. Re4+ Kd5 83. Rh4 Rf2+ 84. Kd3 Rf3+
85. Kd2 Ra3 86. Kc2 Ra2+ 87. Kd3 Rg2 88. Rh5+ Ke6 89. Ra5 Rg3+ 90. Ke4 Rg4+ 91.
Ke3 Rg3+ 92. Ke4 Rg4+ 93. Ke3 Rh4 94. Rb5 Kd6 95. Ra5 Rh3+ 96. Kd4 Rh4+ 97. Ke3
Rh3+ 98. Ke4 Rh4+ 99. Ke3 1/2-1/2

[Event "Titled Tue 1st Jul Early"]
[Site "chess.com INT"]
[Date "2025.07.01"]
[Round "2"]
[White "Perossa, Nicolas"]
[Black "Javakhadze, Zurab"]
[Result "1-0"]
[WhiteTitle "FM"]
[BlackTitle "IM"]
[WhiteElo "2253"]
[BlackElo "2418"]
[WhiteFideId "2850520"]
[BlackFideId "13603647"]
[EventDate "2025.07.01"]

1. e4 e5 2. Nf3 Nc6 3. Nc3 Nf6 4. h3 Bb4 5. Bd3 O-O 6. O-O d6 7. a3 Bxc3 8. dxc3
h6 9. c4 Nh7 10. Nh2 f5 11. f4 exf4 12. Bxf4 fxe4 13. Bxe4 Nf6 14. Bd3 Be6 15.
Qe2 Qd7 16. Rae1 Rae8 17. Qd1 d5 18. cxd5 Nxd5 19. Bd2 Qd6 20. Qh5 Nf6 21. Qh4
Qd4+ 22. Qxd4 Nxd4 23. Bb4 Rf7 24. Bg6 Bc4 25. Bxf7+ Kxf7 26. Rxe8 Kxe8 27. Re1+
Kf7 28. Bc3 Ne6 29. Bxf6 Kxf6 30. Nf3 Bd5 31. Nd2 Nc5 32. Rf1+ Ke6 33. Nf3 Ne4
34. Re1 Kd6 35. Nd4 g6 36. c4 Kc5 37. cxd5 Kxd4 38. Rc1 Nc5 39. Rd1+ Kc4 40. d6
cxd6 41. Rxd6 Kb3 42. Rxg6 Kxb2 43. Rxh6 Kxa3 44. g4 b5 45. g5 b4 46. g6 b3 47.
g7 b2 48. g8=Q b1=Q+ 49. Kh2 Qc2+ 50. Qg2 Qc1 51. Qg3+ Nb3 52. Rg6 a5 53. h4 a4
54. h5 Qc2+ 55. Qg2 Qc7+ 56. Rg3 Qd6 57. Qf2 Kb4 58. Qf3 Qd2+ 59. Kh3 Qd7+ 60.
Qg4+ Qxg4+ 61. Rxg4+ Kb5 62. h6 a3 63. h7 a2 64. Rg1 Nd2 65. h8=Q Nb1 66. Qg7
Kb4 67. Qa1 Kb3 68. Rxb1+ axb1=Q 69. Qxb1+ Kc3 70. Qh7 Kd4 71. Kg4 Ke3 72. Qf5
Ke2 73. Qf4 Kd3 74. Qf3+ Kc2 75. Qe3 Kd1 76. Qf2 Kc1 77. Kf3 Kb1 78. Ke3 Ka1 79.
Kd3 1-0

[Event "Titled Tue 1st Jul Early"]
[Site "chess.com INT"]
[Date "2025.07.01"]
[Round "2"]
[White "Storey, Charles H"]
[Black "Palczert, Matyas"]
[Result "1-0"]
[WhiteTitle "FM"]
[BlackTitle "FM"]
[WhiteElo "2102"]
[BlackElo "2396"]
[WhiteFideId "406686"]
[BlackFideId "784958"]
[EventDate "2025.07.01"]

1. e4 e5 2. Nf3 Nc6 3. Bb5 Nge7 4. d4 exd4 5. Nxd4 Nxd4 6. Qxd4 Nc6 7. Bxc6 bxc6
8. O-O Qh4 9. g3 Qg4 10. f3 Qg6 11. Be3 Bd6 12. e5 Be7 13. f4 Qxc2 14. Nc3 Ba6
15. Rf2 Qd3 16. Qa4 Qc4 17. Qa5 Bb4 18. Qxc7 Bxc3 19. Rc1 O-O 20. Rxc3 Qe4 21.
f5 Rfe8 22. f6 Qxe5 23. Qxe5 Rxe5 24. fxg7 Rae8 25. Bxa7 Bb7 26. Bc5 Re1+ 27.
Kg2 Kxg7 28. Rcf3 R8e2 29. Rxf7+ Kg6 30. Rxd7 Bc8 31. Rd6+ Kg7 32. Bd4+ Kg8 33.
Rd8+ Re8 34. Rxe8+ Rxe8 35. Rc2 Be6 36. a3 Rf8 37. Rf2 Bd5+ 38. Kg1 Re8 39. Rd2
Re1+ 40. Kf2 Re4 41. a4 Bc4 42. a5 Kf7 43. b4 Bb5 44. Bc5 Ke6 45. Rd4 Re5 46.
Rh4 Re2+ 47. Kf3 Rc2 48. Rxh7 Kf5 49. g4+ Kg5 50. Rg7+ Kf6 51. Rc7 Kg5 52. Be3+
Kg6 53. h4 Rc3 54. h5+ Kf6 55. Kf4 Rc4+ 56. Kg3 Rxb4 57. g5+ Kf5 58. g6 Rg4+ 59.
Kf2 Rh4 60. g7 Bc4 61. Rxc6 Bf7 62. Rc5+ Ke6 63. h6 Bg8 64. Kg3 Re4 65. Kf3 Ra4
66. Bd2 Kd6 67. Rf5 Ke6 68. Rf8 Ra3+ 69. Kf2 1-0

[Event "Titled Tue 1st Jul Early"]
[Site "chess.com INT"]
[Date "2025.07.01"]
[Round "2"]
[White "Shubenkova, Veronika"]
[Black "Birkisson, Bjorn Holm"]
[Result "1-0"]
[WhiteTitle "WFM"]
[BlackTitle "CM"]
[WhiteElo "2031"]
[BlackElo "2159"]
[WhiteFideId "44124040"]
[BlackFideId "2310600"]
[EventDate "2025.07.01"]

1. e4 c5 2. Nc3 Nc6 3. Nf3 d6 4. d3 g6 5. g3 Bg7 6. Bg2 e5 7. O-O Nge7 8. Nd5
O-O 9. c4 a6 10. Bg5 f6 11. Be3 Rb8 12. Nd2 b5 13. b3 h6 14. f4 f5 15. Rb1 b4
16. Nf3 Nxd5 17. cxd5 Nd4 18. Bxd4 cxd4 19. fxe5 dxe5 20. Qe2 f4 21. gxf4 Rxf4
22. Nd2 Bg4 23. Qe1 Rxf1+ 24. Nxf1 Qg5 25. Rc1 Rf8 26. h4 Qh5 27. Nh2 Be2 28.
Qg3 Bf6 29. Bf3 Bxh4 30. Bxh5 Bxg3 31. Bxe2 Bxh2+ 32. Kg2 Bf4 33. Rc6 Kg7 34.
Rxa6 h5 35. d6 Kf6 36. d7+ Ke7 37. Rxg6 Kxd7 38. Bxh5 Ra8 39. Bg4+ Kc7 40. Rg7+
Kb6 41. Rg6+ Kc7 42. Rg7+ Kb6 43. Kf3 Rxa2 44. Be6 Ra1 45. Rg2 Rf1+ 46. Kg4 Rd1
47. Bc4 Rh1 48. Kf5 Rh5+ 49. Ke6 Rh6+ 50. Kd5 Kc7 51. Rg7+ Kd8 52. Kc5 Bd2 53.
Rg8+ Ke7 54. Kd5 Rh5 55. Rg6 Rg5 56. Re6+ Kd7 57. Bb5+ Kc7 58. Re7+ Kd8 59. Rd7+
Kc8 60. Rd6 Bc3 61. Kc6 Rg8 62. Bc4 Rf8 63. Re6 Bd2 64. Rxe5 Kd8 65. Rd5+ Ke7
66. Rd7+ Kf6 67. Rxd4 Ke5 68. Rd5+ Kf4 69. e5 Re8 70. Rd4+ Kf5 71. e6 Kf6 72.
Rd7 Bf4 73. d4 Bg5 74. d5 Ke5 75. d6 Rc8+ 76. Rc7 Rb8 77. e7 Bxe7 78. Rxe7+ 1-0

[Event "Titled Tue 1st Jul Early"]
[Site "chess.com INT"]
[Date "2025.07.01"]
[Round "2"]
[White "Baturin-Vinogradov, Miroslav"]
[Black "Feng, Eric"]
[Result "1-0"]
[WhiteTitle "CM"]
[WhiteElo "2066"]
[BlackElo "2194"]
[WhiteFideId "55745741"]
[BlackFideId "30952590"]
[EventDate "2025.07.01"]

1. e4 c6 2. d4 d5 3. exd5 cxd5 4. Bd3 Nc6 5. c3 Nf6 6. h3 g6 7. Nf3 Bg7 8. O-O
O-O 9. Bf4 Bf5 10. Re1 Rc8 11. Bxf5 gxf5 12. Nbd2 Ne4 13. Nf1 Qb6 14. Qe2 Na5
15. Ne3 e6 16. Ne5 Qd8 17. Nd3 b6 18. f3 Nd6 19. Be5 Nac4 20. Bxg7 Kxg7 21. Nxc4
Nxc4 22. b3 Nd6 23. Qe5+ Kg8 24. Qg3+ Kh8 25. Qe5+ Kg8 26. Nf4 Ne8 27. Rac1 Rc6
28. c4 Qc8 29. Nh5 f6 30. Qg3+ Kf7 31. Nf4 b5 32. Qh4 Kg8 33. Qg3+ Kh8 34. c5
Rg8 35. Qh4 Qd7 36. Re2 Qf7 37. Rce1 Nc7 38. Qf2 Ra6 39. Nd3 Ra3 40. Re3 a5 41.
Qb2 b4 42. Nf4 Re8 43. Qe2 a4 44. bxa4 Rxa4 45. Nxe6 Nxe6 46. Rxe6 Rxe6 47. Qxe6
Qxe6 48. Rxe6 Rxa2 49. Rxf6 b3 50. Rb6 Ra1+ 51. Kh2 b2 52. Rxb2 Rd1 53. Rc2 Ra1
54. c6 Ra8 55. Rc5 Rc8 56. Rxd5 Rxc6 57. Rxf5 Rd6 58. Rf4 Kg7 59. Re4 Kg6 60. h4
Kf5 61. g4+ Kg6 62. Kg3 Ra6 63. Kf4 Kf6 64. g5+ Kg6 65. Kg4 Ra1 66. h5+ Kg7 67.
Re7+ Kf8 68. Rxh7 Rg1+ 69. Kf5 Rd1 70. Rd7 Ra1 71. f4 Ra5+ 72. Kg4 Ra1 73. Rb7
Ra7 74. Kf5 Rxb7 75. h6 Rb6 76. g6 Kg8 77. Kg5 Rd6 78. f5 Rxd4 79. f6 Rd5+ 80.
Kg4 Rd4+ 81. Kf5 Rd5+ 82. Ke6 Rd1 83. f7+ Kf8 84. g7# 1-0

[Event "Titled Tue 1st Jul Early"]
[Site "chess.com INT"]
[Date "2025.07.01"]
[Round "2"]
[White "Pakleza, Zbigniew"]
[Black "Karpenko, Anton"]
[Result "0-1"]
[WhiteTitle "GM"]
[BlackTitle "CM"]
[WhiteElo "2484"]
[BlackElo "2218"]
[WhiteFideId "1119290"]
[BlackFideId "34374353"]
[EventDate "2025.07.01"]

1. d4 Nf6 2. Nf3 e6 3. Bf4 c5 4. c3 Nc6 5. e3 Be7 6. h3 O-O 7. Nbd2 b6 8. Bd3
Bb7 9. O-O cxd4 10. cxd4 Nb4 11. Be2 Rc8 12. a3 Nbd5 13. Bh2 d6 14. e4 Nc7 15.
e5 dxe5 16. dxe5 Nfd5 17. Nc4 Qd7 18. Nd6 Rb8 19. Rc1 Ba6 20. Nd4 Bxe2 21. Qxe2
Bxd6 22. exd6 Ne8 23. Nc6 Ra8 24. Ne5 Qb7 25. Nc4 Nef6 26. Rc2 Rfc8 27. Rfc1 Nd7
28. Bg3 Rc6 29. Ne5 Nxe5 30. Bxe5 Rac8 31. Qb5 Rxc2 32. Rxc2 Rd8 33. Qc4 f6 34.
Bg3 e5 35. f4 exf4 36. Bxf4 Qf7 37. Bg3 Ne3 38. Qxf7+ Kxf7 39. Rc7+ Kg6 40. Rxa7
Nf5 41. Kh2 Nxg3 42. Kxg3 Rxd6 43. Rb7 Rd3+ 44. Kh2 Rb3 45. a4 Rb4 46. b3 f5 47.
Rb8 Kf6 48. Rb7 h6 49. Kg3 Rxb3+ 50. Kh2 Rb4 51. Rb8 f4 52. Rb7 g6 53. h4 Kf5
54. Kh3 Rb3+ 55. Kh2 Rb4 56. Kh3 h5 57. Rb8 Rb3+ 58. Kh2 Kg4 59. a5 Kxh4 60.
axb6 g5 61. b7 g4 62. Kg1 Kg3 63. Kf1 Rb1+ 64. Ke2 Kxg2 65. Kd3 f3 66. Kc2 f2
67. Kxb1 f1=Q+ 68. Kc2 Qf2+ 69. Kd1 Qf3+ 70. Kc2 Qe4+ 71. Kb3 Qd5+ 72. Ka4 Qc6+
73. Ka5 Qc7+ 74. Ka6 Qxb8 0-1